000 00547nam a2200205Ia 4500
005 20250505145740.0
008 008 250505s9999 xx 000 0 eng d
037 _aTextbook
040 _aFML
_beng
_cFML
041 _aeng
_2eng
084 _aNR441 Q6;1
_qFML
100 _aGowri, Kuppuswame
_9754325
245 0 _aMusic Of South India Upto 18th Century
260 _aDelhi
_bB.R. Phythm
_c2016
300 _a188p
365 _aINR
_b995
650 _aMusic
942 _cTB
_hNR441 Q6;1
999 _c1311748
_d1311748